000 00300 a2200133 4500
001 153874
040 _cEscola São Tomás de Aquino
100 _aJUNQUEIRA, Sonia
240 1 0 _aO sonho da vaca
_lpor
245 1 0 _aO sonho da vaca
362 0 _a2002
697 _a*LITERATURA INFANTIL
942 _cBK
999 _c153874
_d153874